Paseo "Lanchas amarillas" (Registro nro. 22785)

Detalles MARC
000 -LEADER
fixed length control field 00509 a2200181 4500
001 - CONTROL NUMBER
control field ART_6622
005 - DATE AND TIME OF LATEST TRANSACTION
control field 20260410161826.0
008 - FIXED-LENGTH DATA ELEMENTS--GENERAL INFORMATION
fixed length control field 260409a
100 1# - MAIN ENTRY--PERSONAL NAME
Personal name Bertolotti, María Isabel
245 10 - TITLE STATEMENT
Title Paseo "Lanchas amarillas"
700 1# - ADDED ENTRY--PERSONAL NAME
Personal name Bertoni, Marcela
700 1# - ADDED ENTRY--PERSONAL NAME
Personal name Errazti, Elizabeth
700 1# - ADDED ENTRY--PERSONAL NAME
Personal name Foutel, Mariana
700 1# - ADDED ENTRY--PERSONAL NAME
Personal name Gnecco, Martín
700 1# - ADDED ENTRY--PERSONAL NAME
Personal name Lasta, Carlos
700 1# - ADDED ENTRY--PERSONAL NAME
Personal name Pagani, Andrea Noemí
773 0# - HOST ITEM ENTRY
Title FACES
Related parts - Año 10, Nº 20 (may./ago. 2004)
Record control number REV5046

No hay ítems disponibles.